[Event "Wachtebeke-A"]
[Site "Wachtebeke"]
[Date "2024.02.11"]
[Round "3"]
[White "Gloeckler, Christian"]
[Black "Leenhouts, Koen"]
[Result "1/2-1/2"]
[WhiteElo "2312"]
[BlackElo "2432"]
[PlyCount "63"]
[EventDate "2024.02.10"]
[EventType "tourn"]
[EventRounds "9"]
[EventCountry "BEL"]
[EventCategory "3"]
[SourceTitle "CB09_2024"]
[SourceDate "2024.02.28"]
[SourceVersion "1"]
[SourceVersionDate "2024.02.28"]
[SourceQuality "1"]

1. e4 c5 2. Nf3 e6 3. g3 Nc6 4. Bg2 Nf6 5. Qe2 e5 6. 0-0 Be7 7. c3 0-0 8. Na3 Re8 9. d3 h6 10. Nc4 Bf8 11. a4 d5 12. exd5 Nxd5 13. Nfxe5 Nxe5 14. Nxe5 Nf6 15. f4 Bd6 16. Be3 Bxe5 17. fxe5 Rxe5 18. Qd2 Qe7 19. Rae1 Be6 20. d4 Rd8 21. Rxf6 gxf6 22. Qc1 cxd4 23. cxd4 Ra5 24. Bd2 Rxa4 25. d5 Rd4 26. Be3 R4xd5 27. Bxd5 Rxd5 28. Bxa7 Qb4 29. Be3 Re5 30. Qd2 Qxd2 31. Bxd2 Kg7 32. Bc3 1/2-1/2

[Event "Wachtebeke-A"]
[Site "Wachtebeke"]
[Date "2024.02.10"]
[Round "1"]
[White "Gloeckler, Christian"]
[Black "Ochs, Daniel Elias"]
[Result "1-0"]
[WhiteElo "2312"]
[BlackElo "2287"]
[PlyCount "88"]
[EventDate "2024.02.10"]
[EventType "tourn"]
[EventRounds "9"]
[EventCountry "BEL"]
[EventCategory "3"]
[SourceTitle "CB09_2024"]
[SourceDate "2024.02.28"]
[SourceVersion "1"]
[SourceVersionDate "2024.02.28"]
[SourceQuality "1"]

1. e4 c6 2. d4 d5 3. exd5 cxd5 4. Bd3 Nf6 5. c3 Bg4 6. Qb3 Qc7 7. h3 Bd7 8. Nd2 e6 9. Ndf3 Bd6 10. Ne2 Bc6 11. Qc2 Nbd7 12. Be3 0-0 13. 0-0 Rae8 14. a4 a6 15. Rfe1 h6 16. Qc1 Ne4 17. b4 Nb6 18. b5 axb5 19. axb5 Bd7 20. Ne5 Bxe5 21. dxe5 Nc4 22. Bd4 Bxb5 23. Qb1 Ba6 24. Bxe4 dxe4 25. Qxe4 Nd2 26. Qc2 Bxe2 27. Qxd2 Bc4 28. Rab1 Ra8 29. Re3 Ra2 30. Qc1 Kh7 31. Rb4 Rfa8 32. Qb1+ Kg8 33. Kh2 b5 34. Rg3 Qc6 35. Qc1 Kh7 36. Qf4 Rf8 37. Be3 Raa8 38. Rxg7+ Kxg7 39. Qxh6+ Kg8 40. Qg5+ Kh7 41. Qh4+ Kg6 42. Qh6+ Kf5 43. Qg5+ Ke4 44. Qf4+ Kd5 1-0

[Event "Heusenstamm Schloss op"]
[Site "Heusenstamm"]
[Date "2023.11.25"]
[Round "4"]
[White "Hilzinger, Markus"]
[Black "Gloeckler, Christian"]
[Result "0-1"]
[WhiteElo "2132"]
[BlackElo "2332"]
[PlyCount "102"]
[EventDate "2023.11.23"]
[EventType "swiss"]
[EventRounds "7"]
[EventCountry "GER"]
[SourceTitle "CB48_2023"]
[SourceDate "2023.11.29"]
[SourceVersion "1"]
[SourceVersionDate "2023.11.29"]
[SourceQuality "1"]

1. c4 e6 2. d4 Nf6 3. Nf3 d5 4. g3 Bb4+ 5. Nc3 dxc4 6. Bg2 0-0 7. 0-0 Nc6 8. Re1 Rb8 9. e4 b5 10. Bg5 Be7 11. e5 Nd5 12. Qd2 Nxc3 13. bxc3 Bb7 14. Re4 Bxg5 15. Nxg5 Ne7 16. Rg4 Bxg2 17. Kxg2 Qd5+ 18. f3 f6 19. exf6 Rxf6 20. Re1 Ng6 21. h4 b4 22. cxb4 c5 23. h5 Nf8 24. Re5 c3 25. Qc2 Rxb4 26. Rxd5 Rb2 27. Rxc5 Rxc2+ 28. Kh3 h6 29. Ne4 Rf5 30. Rxc3 Rxc3 31. Nxc3 Rxf3 32. Nb5 Rf5 33. Nxa7 Rxh5+ 34. Rh4 Ra5 35. Nc6 Rxa2 36. Rf4 g5 37. Re4 Kf7 38. Re3 h5 39. g4 h4 40. Rf3+ Ke8 41. Ne5 Ra5 42. Re3 Rd5 43. Nf3 Ke7 44. Ra3 Ng6 45. Re3 Kf6 46. Kh2 Ra5 47. Re4 Ra2+ 48. Kg1 Nf4 49. Kh1 Ne2 50. Re5 Ng3+ 51. Kg1 h3 0-1

[Event "GER-ch Rapid 49th"]
[Site "Dinkelsbuehl"]
[Date "2023.11.12"]
[Round "8"]
[White "Gloeckler, Christian"]
[Black "Wichmann, Cliff"]
[Result "1/2-1/2"]
[WhiteElo "2332"]
[BlackElo "2307"]
[PlyCount "145"]
[EventDate "2023.11.11"]
[EventType "swiss (rapid)"]
[EventRounds "9"]
[EventCountry "GER"]
[SourceTitle "CB46_2023"]
[SourceDate "2023.11.15"]
[SourceVersion "1"]
[SourceVersionDate "2023.11.15"]
[SourceQuality "1"]

1. e4 e6 2. d4 d5 3. Nd2 Nf6 4. e5 Nfd7 5. Bd3 c5 6. c3 Nc6 7. Ne2 cxd4 8. cxd4 f6 9. exf6 Nxf6 10. 0-0 Bd6 11. Nf3 Qc7 12. Bg5 0-0 13. Ng3 Bd7 14. Qe2 Rae8 15. Rac1 Qb6 16. Be3 Nb4 17. Rfe1 Nxa2 18. Ra1 Nb4 19. Bb1 Bb5 20. Qd1 Nc6 21. Qc2 Nb4 22. Qd1 a5 23. Ne5 Nc6 24. Nh5 Qc7 25. Nxf6+ gxf6 26. Qg4+ Qg7 27. Bh6 Qxg4 28. Nxg4 Rf7 29. Be3 Bf8 30. Nh6+ Bxh6 31. Bxh6 Nxd4 32. Rxa5 Bc4 33. Ra3 Kh8 34. Be3 Nc6 35. Bh6 d4 36. Be4 Ne5 37. b3 Bb5 38. h3 Rd7 39. b4 Nf7 40. Bf4 d3 41. Ra5 Bc6 42. Bxc6 bxc6 43. Rc5 e5 44. Bd2 Nd8 45. f4 Rd5 46. Rc4 Kg8 47. Kf2 Kf7 48. f5 Re7 49. Ree4 Ke8 50. Ke3 Rc7 51. Rg4 Nf7 52. Rg8+ Kd7 53. Rg7 Kd6 54. Rxh7 Re7 55. Rg7 Nh6 56. Rg6 Nxf5+ 57. Ke4 Ke6 58. Rxc6+ Nd6+ 59. Ke3 Kd7 60. Rc5 Rd4 61. Rxf6 Nc4+ 62. Rxc4 Rxc4 63. Kxd3 Rd4+ 64. Ke3 Rg7 65. Bc3 Rd5 66. g4 Rh7 67. Ke4 Rb5 68. Bxe5 Rxb4+ 69. Kf5 Rb5 70. Rd6+ Ke7 71. Re6+ Kd7 72. Rd6+ Ke7 73. Ke4 1/2-1/2

[Event "GER-ch Rapid 49th"]
[Site "Dinkelsbuehl"]
[Date "2023.11.12"]
[Round "9"]
[White "Khachatryan, Taron"]
[Black "Gloeckler, Christian"]
[Result "1-0"]
[WhiteElo "2154"]
[BlackElo "2332"]
[PlyCount "119"]
[EventDate "2023.11.11"]
[EventType "swiss (rapid)"]
[EventRounds "9"]
[EventCountry "GER"]
[SourceTitle "CB46_2023"]
[SourceDate "2023.11.15"]
[SourceVersion "1"]
[SourceVersionDate "2023.11.15"]
[SourceQuality "1"]

1. Nf3 d5 2. e3 Nf6 3. c4 e6 4. Nc3 c6 5. d4 Bd6 6. Bd3 Nbd7 7. 0-0 0-0 8. e4 dxe4 9. Nxe4 Nxe4 10. Bxe4 Nf6 11. Bc2 b6 12. Qe2 Bb7 13. Rd1 Re8 14. h3 Qc7 15. Bg5 Nd7 16. Rac1 Nf8 17. c5 Bf4 18. Bxf4 Qxf4 19. Be4 b5 20. Ne5 Rac8 21. Rc3 f6 22. Rf3 Qh4 23. g3 Qh5 24. Bc2 Qxh3 25. Rf4 fxe5 26. Rh4 Qxh4 27. gxh4 exd4 28. Rxd4 Rcd8 29. Rxd8 Rxd8 30. Bb3 Bc8 31. Qe5 Bd7 32. Qc7 Ra8 33. Bc2 a5 34. Be4 a4 35. h5 Rc8 36. Qd6 Kf7 37. Bxh7 e5 38. Bg6+ Kg8 39. Qxe5 Be6 40. a3 Bd5 41. Be4 Rd8 42. Qg5 Ne6 43. Bxd5 Rxd5 44. Qe7 Nxc5 45. Qe8+ Kh7 46. Qg6+ Kh8 47. Qxc6 Rg5+ 48. Kf1 Nb3 49. h6 Rc5 50. hxg7+ Kxg7 51. Qd7+ Kf6 52. Kg2 Rg5+ 53. Kf3 Rf5+ 54. Ke3 Rc5 55. f4 Kg6 56. Kf3 Kf6 57. Kg4 Rc2 58. Qxb5 Rg2+ 59. Kh3 Rxb2 60. Qe5+ 1-0

[Event "Berlin Radtke Memorial op"]
[Site "Berlin"]
[Date "2023.10.27"]
[Round "7"]
[White "Fromm, Marius"]
[Black "Gloeckler, Christian"]
[Result "1/2-1/2"]
[WhiteElo "2472"]
[BlackElo "2334"]
[PlyCount "95"]
[EventDate "2023.10.23"]
[EventType "swiss"]
[EventRounds "9"]
[EventCountry "GER"]
[SourceTitle "Mega2024 Update 01"]
[Source "Chessbase"]
[SourceDate "2023.11.12"]
[SourceVersion "1"]
[SourceVersionDate "2023.11.12"]
[SourceQuality "1"]

1. d4 Nf6 2. c4 e6 3. Nc3 Bb4 4. Bd2 b6 5. Nf3 Bb7 6. e3 0-0 7. Bd3 d6 8. 0-0 Nbd7 9. a3 Bxc3 10. Bxc3 Qe7 11. Nd2 e5 12. Qc2 Rfe8 13. b4 Nf8 14. dxe5 dxe5 15. Rad1 Rad8 16. Ne4 Ng6 17. Nxf6+ Qxf6 18. Be4 Bxe4 19. Qxe4 Qe6 20. Bb2 c6 21. h3 f6 22. Qg4 Kf7 23. a4 Qxg4 24. hxg4 a6 25. f3 Ne7 26. Kf2 b5 27. Ke2 bxc4 28. Rxd8 Rxd8 29. Rc1 Rd3 30. Rxc4 Rb3 31. Bc1 Nd5 32. Bd2 Ne7 33. Rc5 Nd5 34. Rxc6 Nxb4 35. Rb6 a5 36. Rb5 e4 37. Rxa5 Nd3 38. Ra7+ Kg6 39. a5 Rb2 40. Rc7 Ra2 41. Rc4 h6 42. Rc7 Ne5 43. fxe4 Nxg4 44. Ke1 h5 45. g3 Kh6 46. Bc3 Nf2 47. Re7 Kg6 48. e5 1/2-1/2

[Event "World-chT Rapid"]
[Site "Dusseldorf"]
[Date "2023.08.28"]
[Round "12"]
[White "Batsiashvili, Nino"]
[Black "Gloeckler, Christian"]
[Result "1/2-1/2"]
[WhiteElo "2474"]
[BlackElo "2318"]
[PlyCount "87"]
[EventDate "2023.08.26"]
[EventType "team-swiss (rapid)"]
[EventRounds "12"]
[EventCountry "GER"]
[SourceTitle "CBM 215 Extra"]
[Source "ChessBase"]
[SourceDate "2023.09.30"]
[SourceVersion "1"]
[SourceVersionDate "2023.09.30"]
[SourceQuality "1"]
[WhiteTeam "Kompetenzakademie Allstars"]
[BlackTeam "Deutsche Schachjugend"]
[WhiteTeamCountry "GER"]
[BlackTeamCountry "GER"]

1. d4 Nf6 2. c4 e6 3. Nc3 Bb4 4. Nf3 0-0 5. Bg5 c5 6. e3 cxd4 7. Qxd4 h6 8. h4 Nc6 9. Qf4 Re8 10. Nd2 b6 11. Bd3 Bb7 12. Rh3 d5 13. Bxf6 Qxf6 14. Qxf6 gxf6 15. cxd5 Bxc3 16. bxc3 Ne5 17. Bb5 Red8 18. dxe6 fxe6 19. Rg3+ Kf7 20. e4 f5 21. exf5 exf5 22. f4 Ng6 23. 0-0-0 a6 24. Bc4+ Kf6 25. Rf1 Rac8 26. h5 Ne7 27. Bb3 b5 28. Re1 Rd6 29. Rxe7 Kxe7 30. Rg7+ Kd8 31. Rxb7 Rxc3+ 32. Kb2 Rg3 33. Nf3 Rxg2+ 34. Ka3 Kc8 35. Rf7 Rf2 36. Nh4 a5 37. Nxf5 Rd3 38. Ne7+ Kd8 39. Nc6+ Ke8 40. Re7+ Kf8 41. Rf7+ Ke8 42. Re7+ Kf8 43. Rf7+ Ke8 44. Re7+ 1/2-1/2

[Event "Bodenmais Arber op 10th"]
[Site "Bodenmais"]
[Date "2023.08.13"]
[Round "9"]
[White "Zepke, Armin"]
[Black "Gloeckler, Christian"]
[Result "0-1"]
[WhiteElo "2087"]
[BlackElo "2318"]
[PlyCount "72"]
[EventDate "2023.08.05"]
[EventType "swiss"]
[EventRounds "9"]
[EventCountry "GER"]
[SourceTitle "EXT 2024"]
[Source "ChessBase"]
[SourceDate "2023.10.10"]
[SourceVersion "1"]
[SourceVersionDate "2023.10.10"]
[SourceQuality "1"]

1. d4 Nf6 2. Bf4 d5 3. e3 c5 4. c3 Nc6 5. Nd2 Bf5 6. Qb3 Qd7 7. Ngf3 c4 8. Qd1 e6 9. Be2 h6 10. 0-0 b5 11. Re1 Bd6 12. Qc1 0-0 13. Bd1 b4 14. Bc2 Bxf4 15. exf4 Qc7 16. Ne5 a5 17. Bxf5 exf5 18. b3 Nxe5 19. fxe5 Ne4 20. bxc4 Nxc3 21. cxd5 Rfc8 22. Nb3 Qc4 23. d6 a4 24. d7 Rc7 25. Nc5 Qxd4 26. e6 Rxc5 27. e7 Qxd7 28. Qe3 Rcc8 29. a3 b3 30. Rac1 Ne4 31. Rcd1 Qxe7 32. f3 Rc3 33. Qd4 Rc2 34. fxe4 Qg5 35. g3 f4 36. Qd5 Rac8 0-1

[Event "GER-ch U12"]
[Site "Willingen"]
[Date "2023.06.02"]
[Round "8"]
[White "Gloeckler, Christian"]
[Black "Nemitz, Alfred"]
[Result "1-0"]
[WhiteElo "2288"]
[BlackElo "2079"]
[PlyCount "68"]
[EventDate "2023.05.27"]
[EventType "swiss"]
[EventRounds "9"]
[EventCountry "GER"]
[SourceTitle "CBM 214 Extra"]
[Source "ChessBase"]
[SourceDate "2023.07.31"]
[SourceVersion "1"]
[SourceVersionDate "2023.07.31"]
[SourceQuality "1"]

1. e4 e5 2. Nf3 Nc6 3. Bb5 a6 4. Ba4 Nf6 5. 0-0 Be7 6. Re1 b5 7. Bb3 d6 8. c3 0-0 9. h3 Na5 10. Bc2 c5 11. d4 Qc7 12. Nbd2 cxd4 13. cxd4 Nc6 14. a3 exd4 15. Nb3 Bb7 16. Bf4 Nd7 17. Nbxd4 Nxd4 18. Nxd4 Rfd8 19. Rc1 Ne5 20. Bb3 Qd7 21. Ne6 fxe6 22. Bxe5 Kh8 23. Bc3 Bf8 24. Ba5 Rdc8 25. Qg4 Rxc1 26. Rxc1 Rc8 27. Rd1 Re8 28. Rd3 Qc6 29. Re3 Qc1+ 30. Kh2 d5 31. Rg3 dxe4 32. Qh5 Bc6 33. Qf7 Qh6 34. Bc3 e3 1-0

[Event "Stuttgart op"]
[Site "Ditzingen"]
[Date "2023.05.21"]
[Round "7"]
[White "Gloeckler, Christian"]
[Black "Fuchs, Florian"]
[Result "1-0"]
[WhiteElo "2288"]
[BlackElo "2367"]
[PlyCount "165"]
[EventDate "2023.05.18"]
[EventType "swiss"]
[EventRounds "7"]
[EventCountry "GER"]
[SourceTitle "CBM 214 Extra"]
[Source "ChessBase"]
[SourceDate "2023.07.31"]
[SourceVersion "1"]
[SourceVersionDate "2023.07.31"]
[SourceQuality "1"]

1. e4 c5 2. Nf3 Nc6 3. Bb5 Na5 4. c3 Nf6 5. e5 Nd5 6. d4 cxd4 7. cxd4 e6 8. 0-0 Be7 9. Nbd2 f5 10. Re1 0-0 11. Bf1 b6 12. a3 Bb7 13. b4 Nc3 14. Qc2 Rc8 15. Qb2 Na4 16. Qb1 Nc3 17. Qb2 Na4 18. Qb1 Be4 19. Nxe4 fxe4 20. Qxe4 Nb3 21. Bd3 g6 22. Bh6 Nxa1 23. Bxf8 Qxf8 24. Rxa1 Nc3 25. Qg4 Nd5 26. g3 a5 27. Bb5 Qd8 28. bxa5 bxa5 29. h4 Kh8 30. Kg2 Rc2 31. Qe4 Rc3 32. a4 Nb4 33. Rh1 d5 34. Qg4 Qf8 35. h5 Qf5 36. Qxf5 gxf5 37. Bd7 Nc6 38. h6 Nd8 39. Rb1 Rc7 40. Bb5 Bb4 41. Ne1 Bf8 42. Ba6 Bxh6 43. Rb8 Bg5 44. Nd3 Kg7 45. Bb5 Nc6 46. Bxc6 Rxc6 47. Rb7+ Kg6 48. Nc5 Bd2 49. Re7 Bb4 50. Rxe6+ Rxe6 51. Nxe6 Bc3 52. Nf4+ Kf7 53. e6+ Ke8 54. Nxd5 Bxd4 55. f3 Kf8 56. Kh3 Kg7 57. g4 fxg4+ 58. Kxg4 Kg6 59. f4 h5+ 60. Kh4 Bf2+ 61. Kh3 Bc5 62. f5+ Kxf5 63. e7 Bxe7 64. Nxe7+ Ke4 65. Nc6 Kd3 66. Nxa5 Kc3 67. Nb3 Kb4 68. a5 Kb5 69. Kh4 Ka6 70. Kxh5 Kb5 71. Kg5 Kc6 72. Kf5 Kd5 73. Nd4 Kd6 74. Ke4 Kc7 75. Kd5 Kb7 76. Kc5 Ka6 77. Nc6 Kb7 78. Kb5 Ka8 79. Ne7 Kb7 80. a6+ Ka7 81. Nd5 Kb8 82. Kb6 Ka8 83. Nc7+ 1-0

[Event "Basel Easter op"]
[Site "Basel"]
[Date "2023.04.08"]
[Round "5"]
[White "Gloeckler, Christian"]
[Black "Stork, Oliver"]
[Result "0-1"]
[WhiteElo "2229"]
[BlackElo "2353"]
[PlyCount "120"]
[EventDate "2023.04.06"]
[EventType "swiss"]
[EventRounds "9"]
[EventCountry "SUI"]
[SourceTitle "CBM 213 Extra"]
[Source "ChessBase"]
[SourceDate "2023.05.31"]
[SourceVersion "1"]
[SourceVersionDate "2023.05.31"]
[SourceQuality "1"]

1. e4 c5 2. Nf3 e6 3. d4 cxd4 4. Nxd4 Nf6 5. Nc3 Nc6 6. Ndb5 d6 7. Bf4 e5 8. Bg5 a6 9. Na3 b5 10. Nd5 Be7 11. Bxf6 Bxf6 12. c3 Bg5 13. Nc2 Rb8 14. Nce3 0-0 15. h4 Bxe3 16. Nxe3 b4 17. Nc4 bxc3 18. bxc3 Be6 19. Qxd6 Qc8 20. Qc5 Rb5 21. Qe3 Qb8 22. Nd2 Rb2 23. Bd3 Rd8 24. Rd1 Rd7 25. Nf3 Qd8 26. Be2 Rxd1+ 27. Bxd1 Bc4 28. a4 Be2 29. Qxe2 Rxe2+ 30. Kxe2 Qb6 31. Rf1 Qb2+ 32. Kd3 Qb1+ 33. Ke3 Qc1+ 34. Kd3 Qb1+ 35. Ke3 Qb6+ 36. Ke2 Qc5 37. Kd3 Na5 38. Nd2 Qd6+ 39. Ke2 Qc6 40. Kd3 Nb7 41. g3 Nc5+ 42. Ke3 Qb6 43. Nc4 Qb7 44. Be2 Qxe4+ 45. Kd2 Nb3+ 46. Ke1 Qb1+ 47. Bd1 Qc1 48. Ke2 Qxc3 49. Bxb3 Qxb3 50. Nd2 Qxa4 51. Rb1 g6 52. h5 Qg4+ 53. Ke3 Qg5+ 54. Kd3 Qxh5 55. Rb6 Qf5+ 56. Ke3 Qc8 57. Ne4 Kg7 58. g4 Qxg4 59. Rxa6 Qf4+ 60. Kd3 Qf3+ 0-1

[Event "Basel Easter op"]
[Site "Basel"]
[Date "2023.04.07"]
[Round "2"]
[White "Gloeckler, Christian"]
[Black "Zuferi, Enis"]
[Result "0-1"]
[WhiteElo "2229"]
[BlackElo "2378"]
[PlyCount "130"]
[EventDate "2023.04.06"]
[EventType "swiss"]
[EventRounds "9"]
[EventCountry "SUI"]
[SourceTitle "CBM 213 Extra"]
[Source "ChessBase"]
[SourceDate "2023.05.31"]
[SourceVersion "1"]
[SourceVersionDate "2023.05.31"]
[SourceQuality "1"]

1. e4 c5 2. Nf3 e6 3. d4 cxd4 4. Nxd4 a6 5. c4 Nf6 6. Nc3 Qc7 7. Be3 Bb4 8. Qc2 0-0 9. Bd3 Ng4 10. Bg5 Bc5 11. h3 Ne5 12. Be3 Qd6 13. f4 Bxd4 14. fxe5 Qxe5 15. Bxd4 Qxd4 16. 0-0-0 Nc6 17. e5 Qh4 18. Rhe1 Nxe5 19. Bxh7+ Qxh7 20. Rxe5 Qxc2+ 21. Kxc2 b6 22. g3 Ra7 23. Rd6 Rc7 24. b3 f6 25. Re3 b5 26. cxb5 axb5 27. Kb2 b4 28. Nb5 Rc5 29. Nd4 f5 30. Rf3 Bb7 31. Rf2 Rd5 32. Rxd5 Bxd5 33. Nc2 Rb8 34. Rd2 g5 35. Rd4 Rb7 36. Nxb4 Bg2 37. Nd3 Bxh3 38. Nc5 Rb5 39. Nxd7 Kf7 40. a4 Ra5 41. Nb6 e5 42. Rd7+ Ke6 43. Rh7 Bf1 44. b4 Ra6 45. Kb3 f4 46. g4 f3 47. Rh6+ Kf7 48. b5 Rxb6 49. Rxb6 f2 50. Rb7+ Ke6 51. Rb6+ Kd5 52. Rf6 Bc4+ 53. Kb4 f1Q 54. Rxf1 Bxf1 55. a5 Kd6 56. a6 Be2 57. Ka5 Kc7 58. b6+ Kc6 59. a7 Kb7 60. Kb4 Bxg4 61. Kc5 Bf3 62. Kd6 e4 63. a8Q+ Kxa8 64. Kc7 e3 65. b7+ Bxb7 0-1